Efecto de la complejidad institucional sobre la deforestación en la Amazonía colombiana / (Registro nro. 17823)

Detalles MARC
000 -CABECERA
Campo de control 01284nam a22002897a 4500
005 - FECHA Y HORA DE LA ULTIMA TRANSACCION
Campo de control 20150928165025.0
008 - ELEMENTOS DE LONGITUD FIJA—INFORMACION GENERAL
Campo de control 150928b2015 pe |||||r|||| 00| 0 spa d
020 ## - ISBN
ISBN 9786124695261
040 ## - FUENTE DE CATALOGACIÓN
Agencia catalogadora original CO-BoIAVH
Agencia transcriptora CO-BoIAVH
041 0# - IDIOMA
Código de idioma para texto/pista de sonido o título separado Español
044 ## - PAÍS DE PUBLICACIÓN
País de publicación Perú
082 04 - NUMERO DE CLASIFICACION DECIMAL DEWEY
Número de clasificación 333.75
Número del ítem U84c14
100 1# - ASIENTO PRINCIPAL--NOMBRE PERSONAL
Nombre personal Lizcano, Diego José
9 (RLIN) 5225
245 1# - MENCION DE TITULO
Título Efecto de la complejidad institucional sobre la deforestación en la Amazonía colombiana /
Mención de responsabilidad Diego José Lizcano y Alfonso Malky Harb
260 ## - PUBLICACION, DISTRIBUCION, ETC. (PIE DE IMPRENTA)
Lugar de publicación, distribución, etc. Lima (Perú):
Nombre del editor, distribuidor, etc. USAID:
-- ICAA,
Fecha de publicación, distribución, etc. 2015.
300 ## - DESCRIPCION FISICA
Extensión 55 páginas :
Otros detalles físicos gráficas y tablas ;
Dimensiones 25 cm.
490 ## - MENCION DE SERIE
Mención de serie Conservación estratégica. Serie técnica
Designación numérica/secuencial del volumen 39
500 ## - NOTA GENERAL
Nota general Programa de investigaciones económicas aplicadas para la conservación en la Amazonía Andina.
504 ## - NOTA DE BIBLIOGRAFIA, ETC.
Nota de bibliografía Incluye referencias bibliográficas (páginas 48-52).
520 ## - NOTA DE RESUMEN, ETC.
Nota de resumen Incluye resúmenes en inglés y español.
650 #6 - ASIENTO SECUNDARIO DE MATERIA - TERMINO TEMATICO
Término temático o nombre geográfico como elemento de entrada Deforestación
Subdivisión geográfica Amazonía (Región, Colombia)
9 (RLIN) 40132
650 #4 - ASIENTO SECUNDARIO DE MATERIA - TERMINO TEMATICO
Término temático o nombre geográfico como elemento de entrada Deforestación
Subdivisión general Redes institucionales
Subdivisión geográfica Amazonía (Región, Colombia)
9 (RLIN) 40133
650 #4 - ASIENTO SECUNDARIO DE MATERIA - TERMINO TEMATICO
Término temático o nombre geográfico como elemento de entrada Deforestación
Subdivisión general Instituciones
Subdivisión geográfica Amazonía (Región, Colombia)
9 (RLIN) 40134
650 #6 - ASIENTO SECUNDARIO DE MATERIA - TERMINO TEMATICO
Término temático o nombre geográfico como elemento de entrada Deforestación
Subdivisión general descripción
Subdivisión geográfica Amazonía (Región, Colombia)
9 (RLIN) 40135
700 1# - ASIENTO SECUNDARIO - NOMBRE PERSONAL
Nombre personal Malky-Harb, Alfonso.
9 (RLIN) 32591
942 ## - ELEMENTOS ADICIONALES (KOHA)
Sistema de clasificación Dewey Decimal Classification
Tipo de ítem Libro
Existencias
Withdrawn status Lost status Sistema de Clasificación Damaged status No para préstamo Colección Inventariado Ubicación Permanente Ubicación actual Fecha de adquisición Fuente de Valor Valor Total Checkouts Número topográfico Inventario / Código de Barras Date last seen Ejemplar Price effective from Forma de adquisición Tipo de material
    Dewey Decimal Classification     General Inventariado 2017 Bogotá Bogotá 28/09/2015 Instituto 39000.00   LB-333.75 U84c14 039264 28/09/2015 Ej. 1 28/09/2015   Libro